000
00297nam a22001337a 4500
008
170308b xxu||||| |||| 00| 0 eng d
020
_a
9780077361389
041
_a
eng
080
_2
7 ED
_a
611
100
_a
6
101
_a
SHM
245
_a
ESSENTIALS ANATOMY PHYSIOLGY
_c
VAN.C
942
_2
udc
_c
BK
999
_c
7061
_d
7061